Family Law/ (Record no. 1431102)
[ view plain ]
| 000 -LEADER | |
|---|---|
| fixed length control field | 00610nam a22002297a 4500 |
| 005 - DATE AND TIME OF LATEST TRANSACTION | |
| control field | 20250527162913.0 |
| 008 - FIXED-LENGTH DATA ELEMENTS--GENERAL INFORMATION | |
| fixed length control field | 250527b |||||||| |||| 00| 0 eng d |
| 037 ## - SOURCE OF ACQUISITION | |
| Terms of availability | TB |
| 040 ## - CATALOGING SOURCE | |
| Original cataloging agency | LCT |
| Transcribing agency | LCT |
| 041 ## - LANGUAGE CODE | |
| Source of code | eng |
| Language code of text/sound track or separate title | eng |
| Language code of original | eng |
| 084 ## - COLON CLASSIFICATION NUMBER | |
| Classification number | Z,12 R20 |
| 100 ## - MAIN ENTRY--PERSONAL NAME | |
| Personal name | Diwan, Paras |
| 9 (RLIN) | 754909 |
| 245 ## - TITLE STATEMENT | |
| Title | Family Law/ |
| Remainder of title | |
| 250 ## - EDITION STATEMENT | |
| Edition statement | 11th ed. |
| 260 ## - PUBLICATION, DISTRIBUTION, ETC. | |
| Place of publication, distribution, etc. | Faridabad, India: |
| Name of publisher, distributor, etc. | Allahabad Law Agency, |
| Date of publication, distribution, etc. | 2020 |
| 300 ## - PHYSICAL DESCRIPTION | |
| Extent | xiviii, 604p. |
| 650 ## - SUBJECT ADDED ENTRY--TOPICAL TERM | |
| Topical term or geographic name entry element | Law |
| 650 ## - SUBJECT ADDED ENTRY--TOPICAL TERM | |
| Topical term or geographic name entry element | Family Law/ |
| 650 ## - SUBJECT ADDED ENTRY--TOPICAL TERM | |
| Topical term or geographic name entry element | law of marriage |
| 650 ## - SUBJECT ADDED ENTRY--TOPICAL TERM | |
| Topical term or geographic name entry element | law divorce |
| 9 (RLIN) | 754910 |
| 942 ## - ADDED ENTRY ELEMENTS (KOHA) | |
| Source of classification or shelving scheme | Colon Classification (CC) |
| Koha item type | General Books |
| Classification part | Z,12 R20 |
| Suppress in OPAC | No |
| Withdrawn status | Lost status | Source of classification or shelving scheme | Damaged status | Not for loan | Collection | Home library | Current library | Shelving location | Date acquired | Source of acquisition | Inventory number | Total Checkouts | Full call number | Barcode | Date last seen | Price effective from | Koha item type |
|---|---|---|---|---|---|---|---|---|---|---|---|---|---|---|---|---|---|
| Colon Classification (CC) | Non-fiction | Law Centre-II Library | Law Centre-II Library | General Stacks | 2025-05-27 | Singhal Publication | 2302/08.03.2021 | Z,12 R20 | LT0027648 | 2025-05-27 | 2025-05-27 | General Books | |||||
| Colon Classification (CC) | Non-fiction | Law Centre-II Library | Law Centre-II Library | General Stacks | 2025-05-27 | Singhal Publication | 2302/08.03.2021 | Z,12 R20 | LT0027649 | 2025-05-27 | 2025-05-27 | General Books | |||||
| Colon Classification (CC) | Non-fiction | Law Centre-II Library | Law Centre-II Library | General Stacks | 2025-05-27 | Singhal Publication | 2302/08.03.2021 | Z,12 R20 | LT0027650 | 2025-05-27 | 2025-05-27 | General Books | |||||
| Colon Classification (CC) | Non-fiction | Law Centre-II Library | Law Centre-II Library | General Stacks | 2025-05-27 | Singhal Publication | 2302/08.03.2021 | Z,12 R20 | LT0027651 | 2025-05-27 | 2025-05-27 | General Books | |||||
| Colon Classification (CC) | Non-fiction | Law Centre-II Library | Law Centre-II Library | General Stacks | 2025-05-27 | Singhal Publication | 2302/08.03.2021 | Z,12 R20 | LT0027652 | 2025-05-27 | 2025-05-27 | General Books | |||||
| Colon Classification (CC) | Non-fiction | Law Centre-II Library | Law Centre-II Library | General Stacks | 2025-05-27 | Singhal Publication | 2302/08.03.2021 | Z,12 R20 | LT0027653 | 2025-05-27 | 2025-05-27 | General Books | |||||
| Colon Classification (CC) | Non-fiction | Law Centre-II Library | Law Centre-II Library | General Stacks | 2025-05-27 | Singhal Publication | 2302/08.03.2021 | Z,12 R20 | LT0027654 | 2025-05-27 | 2025-05-27 | General Books | |||||
| Colon Classification (CC) | Non-fiction | Law Centre-II Library | Law Centre-II Library | General Stacks | 2025-05-27 | Singhal Publication | 2302/08.03.2021 | Z,12 R20 | LT0027655 | 2025-05-27 | 2025-05-27 | General Books | |||||
| Colon Classification (CC) | Non-fiction | Law Centre-II Library | Law Centre-II Library | General Stacks | 2025-05-27 | Singhal Publication | 2302/08.03.2021 | Z,12 R20 | LT0027656 | 2025-05-27 | 2025-05-27 | General Books | |||||
| Colon Classification (CC) | Non-fiction | Law Centre-II Library | Law Centre-II Library | General Stacks | 2025-05-27 | Singhal Publication | 2302/08.03.2021 | Z,12 R20 | LT0027657 | 2025-05-27 | 2025-05-27 | General Books |
